Agriculture and Waste Management for Sustainable Future (Record no. 17103)
[ view plain ]
| 000 -LEADER | |
|---|---|
| fixed length control field | 00298nam a22001097a 4500 |
| 008 - FIXED-LENGTH DATA ELEMENTS--GENERAL INFORMATION | |
| fixed length control field | 140515t xxu||||| |||| 00| 0 eng d |
| 020 ## - INTERNATIONAL STANDARD BOOK NUMBER | |
| International Standard Book Number | 978-93-80235-53-0 |
| 100 ## - MAIN ENTRY--PERSONAL NAME | |
| Personal name | Asoke Kumar Sannigrahi |
| 9 (RLIN) | 859 |
| 245 ## - TITLE STATEMENT | |
| Title | Agriculture and Waste Management for Sustainable Future |
| 300 ## - PHYSICAL DESCRIPTION | |
| Extent | 236 |
| 942 ## - ADDED ENTRY ELEMENTS (KOHA) | |
| Source of classification or shelving scheme | |
| Koha item type | Book |
| Withdrawn status | Lost status | Source of classification or shelving scheme | Damaged status | Not for loan | Collection code | Permanent Location | Current Location | Date acquired | Total Checkouts | Full call number | Barcode | Date last seen | Price effective from | Koha item type |
|---|---|---|---|---|---|---|---|---|---|---|---|---|---|---|
| Atta-ur-Rahman School of Applied Biosciences (ASAB) | Atta-ur-Rahman School of Applied Biosciences (ASAB) | 05/15/2014 | 628 KUM | ASAB1622 | 05/15/2014 | 05/15/2014 | Book |
